| 000 | 00539nam a2200193 a 4500 | ||
|---|---|---|---|
| 005 | 20210219152953.0 | ||
| 008 | 991125n 000 0 spa u | ||
| 035 | _aUPN01000069829 | ||
| 100 | _aBROTO, Jesús | ||
| 222 | _aREVISTA ESPAÑOLA DE PEDAGOGIA | ||
| 245 | _aLos costes educativos en su perspectiva contable | ||
| 300 | _a47-64 | ||
| 362 | _a1988, Año 46, no. 179 (ene.-abr.) | ||
| 653 | 0 | _aCONTABILIDAD | |
| 653 | 0 | _aCOSTOS EDUCATIVOS | |
| 653 | 0 | _aINSTITUCIONES EDUCATIVAS | |
| 904 |
_aAC _b007640 |
||
| 905 | _aArticulo | ||
| 999 |
_c65113 _d65113 |
||